[Event "American op 54th"]
[Site "Costa Mesa"]
[Date "2018.11.23"]
[Round "4"]
[White "Kudryavtsev, Vadim"]
[Black "Mahajan, Rushaan"]
[Result "0-1"]
[WhiteElo "2052"]
[BlackElo "1999"]
[PlyCount "98"]
[EventDate "2018.11.22"]
[EventType "swiss"]
[EventRounds "8"]
[EventCountry "USA"]
[SourceTitle "CBM 188 Extra"]
[Source "ChessBase"]
[SourceDate "2019.02.26"]
[SourceVersion "1"]
[SourceVersionDate "2019.02.26"]
[SourceQuality "1"]

1. d4 d5 2. c4 c6 3. Nf3 Nf6 4. Nc3 dxc4 5. a4 Bf5 6. Ne5 e6 7. f3 c5 8. e4 Bg6 9. Be3 cxd4 10. Qxd4 Qxd4 11. Bxd4 Nfd7 12. Nxg6 hxg6 13. Bxc4 Nc6 14. Be3 Nb4 15. 0-0-0 Bc5 16. Bg5 a6 17. Kb1 f6 18. Bd2 Ke7 19. Na2 Nxa2 20. Bxa2 Ne5 21. Bc3 Nc6 22. Bc4 Rad8 23. h3 g5 24. Kc2 Bd4 25. b4 Bxc3 26. Kxc3 Ne5 27. Be2 Ng6 28. Rhe1 Nf4 29. Bf1 Rc8+ 30. Kb3 Rcd8 31. a5 Rc8 32. Rd2 Rc7 33. Red1 Rhc8 34. Ka4 e5 35. b5 Ne6 36. b6 Rc3 37. Kb4 Nd4 38. Rxd4 exd4 39. Rxd4 Rc2 40. Bc4 Rxg2 41. Bd5 Rd8 42. Rc4 Rd7 43. Rc8 Rb2+ 44. Ka4 Rb1 45. Rb8 Rb5 46. Rg8 Kd6 47. Rb8 Ke5 48. Bxb7 Rd1 49. Re8+ Kf4 0-1

[Event "American op 54th"]
[Site "Costa Mesa"]
[Date "2018.11.22"]
[Round "1"]
[White "Peters, Jack"]
[Black "Kudryavtsev, Vadim"]
[Result "1-0"]
[WhiteElo "2335"]
[BlackElo "2052"]
[PlyCount "57"]
[EventDate "2018.11.22"]
[EventType "swiss"]
[EventRounds "8"]
[EventCountry "USA"]
[SourceTitle "CBM 188 Extra"]
[Source "ChessBase"]
[SourceDate "2019.02.26"]
[SourceVersion "1"]
[SourceVersionDate "2019.02.26"]
[SourceQuality "1"]

1. e4 c6 2. d4 d5 3. exd5 cxd5 4. c4 Nf6 5. Nc3 e6 6. Nf3 Be7 7. cxd5 Nxd5 8. Bd3 Nc6 9. 0-0 0-0 10. Re1 Bf6 11. Be4 Nce7 12. Qc2 h6 13. Bd2 Bd7 14. Bxd5 exd5 15. Bf4 Be6 16. Be5 Nf5 17. Rad1 Be7 18. h3 Rc8 19. Qb3 Rc6 20. Qxb7 Rb6 21. Qxa7 Rxb2 22. Rb1 Rb4 23. g4 Rxb1 24. Rxb1 Nd6 25. a4 f5 26. Rb8 Nc8 27. Qa6 Kf7 28. Rb7 fxg4 29. Bc7 1-0

[Event "Western Pacific op"]
[Site "Irvine"]
[Date "2015.04.25"]
[Round "3"]
[White "Kudryavtsev, Vadim"]
[Black "Liu, Joanna"]
[Result "1/2-1/2"]
[WhiteElo "2090"]
[BlackElo "1810"]
[PlyCount "169"]
[EventDate "2015.04.24"]
[EventType "swiss"]
[EventRounds "5"]
[EventCountry "USA"]
[SourceTitle "EXT 2018"]
[Source "ChessBase"]
[SourceDate "2017.10.13"]
[SourceVersion "1"]
[SourceVersionDate "2017.10.13"]
[SourceQuality "1"]

1. d4 Nf6 2. c4 e6 3. Nc3 Bb4 4. e3 b6 5. Nge2 Ba6 6. a3 Bxc3+ 7. Nxc3 d5 8. cxd5 Bxf1 9. Kxf1 exd5 10. g4 0-0 11. Kg2 Qd7 12. h3 Nc6 13. Bd2 Ne7 14. f3 c6 15. Ne2 Qc7 16. Be1 Nd7 17. Bg3 Qd8 18. Rc1 f5 19. Nf4 Rf7 20. Ne6 Qc8 21. g5 Qb7 22. h4 Nf8 23. Nf4 Neg6 24. Nd3 Nd7 25. h5 Ngf8 26. Qc2 Rc8 27. Nf4 c5 28. Qb3 Re8 29. Qxd5 Qxd5 30. Nxd5 cxd4 31. Nc7 Rxe3 32. Rc2 d3 33. Rd2 Nc5 34. Nd5 Re2+ 35. Rxe2 dxe2 36. Re1 Nce6 37. Rxe2 Nxg5 38. Re8 Rd7 39. Re5 Rf7 40. Ne7+ Kh8 41. Nxf5 Nge6 42. h6 g6 43. Nd6 Rd7 44. Re2 Kg8 45. Be5 g5 46. Kg3 Ng6 47. Ne4 Nxe5 48. Nf6+ Kf7 49. Nxd7 Nxd7 50. Kg4 Ndf8 51. Re4 Kg6 52. Ra4 a5 53. b4 axb4 54. axb4 Kxh6 55. Ra6 Nd7 56. Ra7 Nef8 57. Kf5 Kh5 58. Ra1 Kh4 59. Rg1 h6 60. f4 gxf4 61. Kxf4 Ne6+ 62. Kf5 Nd4+ 63. Ke4 Ne6 64. Rg6 Nef8 65. Rxh6+ Kg5 66. Rh1 Kf6 67. Kd5 Ke7 68. Re1+ Kd8 69. Kd6 Ng6 70. Rg1 Ngf8 71. Rg7 Kc8 72. Kc6 Kd8 73. Rg1 Ke7 74. Rg7+ Kd8 75. b5 Ke8 76. Rg1 Kd8 77. Ra1 Ke7 78. Ra7 Kd8 79. Kd6 Kc8 80. Ra8+ Nb8 81. Ra1 Nfd7 82. Rh1 Nf8 83. Ke7 Nfd7 84. Rh8+ Kc7 85. Rh1 1/2-1/2

[Event "American op 50th"]
[Site "Orange"]
[Date "2014.11.27"]
[Round "1"]
[White "Peters, Jack"]
[Black "Kudryavtsev, Vadim"]
[Result "1-0"]
[WhiteElo "2356"]
[BlackElo "2085"]
[PlyCount "83"]
[EventDate "2014.11.27"]
[EventType "swiss"]
[EventRounds "8"]
[EventCountry "USA"]
[SourceTitle "CBM 163 Extra"]
[Source "ChessBase"]
[SourceDate "2014.12.23"]
[SourceVersion "1"]
[SourceVersionDate "2014.12.23"]
[SourceQuality "1"]

1. e4 e5 2. Nf3 Nf6 3. Nxe5 d6 4. Nf3 Nxe4 5. d4 d5 6. Bd3 Nc6 7. 0-0 Bg4 8. c4 Nf6 9. Nc3 Be7 10. cxd5 Nxd5 11. h3 Be6 12. Ne4 h6 13. a3 a6 14. Re1 Qd7 15. Bd2 0-0 16. Rc1 Bf5 17. Qb3 Nb6 18. Nc5 Bxc5 19. Bxf5 Qxf5 20. dxc5 Qd5 21. Re3 Qxb3 22. Rxb3 Nd5 23. Rxb7 Rab8 24. Rxb8 Rxb8 25. Rc2 a5 26. Bc1 Kf8 27. Kf1 Ke7 28. Ke2 Rb3 29. Rc4 f5 30. Kd1 Ke6 31. Kc2 Rb5 32. Bd2 Nde7 33. Bc3 Kd5 34. Kd3 g5 35. Ra4 Ng6 36. g3 Rxc5 37. Nd4 Nge5+ 38. Ke2 f4 39. gxf4 gxf4 40. Nxc6 Nxc6 41. Rxf4 Ne7 42. Rf7 1-0

[Event "San Diego Recession Buster op 3rd"]
[Site "San Diego"]
[Date "2014.02.15"]
[Round "2"]
[White "Kudryavtsev, Vadim"]
[Black "Abrahamyan, Tatev"]
[Result "0-1"]
[WhiteElo "2106"]
[BlackElo "2377"]
[PlyCount "62"]
[EventDate "2014.02.15"]
[EventType "swiss"]
[EventRounds "6"]
[EventCountry "USA"]
[SourceTitle "EXT 2018"]
[Source "ChessBase"]
[SourceDate "2017.10.13"]
[SourceVersion "1"]
[SourceVersionDate "2017.10.13"]
[SourceQuality "1"]

1. d4 Nf6 2. c4 e6 3. Nc3 Bb4 4. e3 0-0 5. Nge2 d5 6. a3 Be7 7. Nf4 c6 8. Be2 dxc4 9. Bxc4 Nbd7 10. 0-0 e5 11. Nfe2 exd4 12. Nxd4 Ne5 13. Be2 c5 14. Ndb5 Bf5 15. f4 Nc6 16. a4 Nb4 17. Bf3 Bd3 18. Rf2 a6 19. Na3 c4 20. b3 cxb3 21. Qxb3 Bc5 22. Bd2 Qe7 23. Nd1 Rad8 24. Rc1 Nc6 25. Nc4 Ne4 26. Bxe4 Bxe4 27. Rc3 Bd5 28. Ndb2 Na5 29. Qa2 Nxc4 30. Nxc4 b5 31. axb5 axb5 0-1

[Event "American op 49th"]
[Site "Orange"]
[Date "2013.11.28"]
[Round "2"]
[White "Kudryavtsev, Vadim"]
[Black "Hilby, Craig"]
[Result "1/2-1/2"]
[WhiteElo "2145"]
[BlackElo "2121"]
[PlyCount "62"]
[EventDate "2013.11.28"]
[EventType "swiss"]
[EventRounds "8"]
[EventCountry "USA"]
[SourceTitle "EXT 2015"]
[Source "ChessBase"]
[SourceDate "2014.11.20"]
[SourceVersion "1"]
[SourceVersionDate "2014.11.20"]
[SourceQuality "1"]

1. d4 Nf6 2. c4 e6 3. Nf3 c5 4. d5 exd5 5. cxd5 d6 6. Nc3 g6 7. Nd2 Bg7 8. e4 0-0 9. Be2 a6 10. a4 Nbd7 11. 0-0 Qe7 12. Qc2 Ne8 13. Nc4 Ne5 14. Ne3 Nc7 15. Bd2 Rb8 16. a5 Nd7 17. Kh1 Re8 18. f3 b5 19. axb6 Nxb6 20. Ra5 Bd4 21. Ned1 Bd7 22. b3 Ra8 23. Bd3 Reb8 24. Ne2 Bf6 25. Ne3 Bb5 26. Ng4 Bg7 27. Bc3 h5 28. Bxg7 Kxg7 29. Ne3 Re8 30. Nc4 Nxc4 31. bxc4 Bd7 1/2-1/2

[Event "Southern California op 35th"]
[Site "San Diego"]
[Date "2013.09.02"]
[Round "5"]
[White "Moussa, Alaa Eddine"]
[Black "Kudryavtsev, Vadim"]
[Result "1-0"]
[WhiteElo "2146"]
[BlackElo "2145"]
[PlyCount "67"]
[EventDate "2013.08.31"]
[EventType "swiss"]
[EventRounds "6"]
[EventCountry "USA"]
[SourceTitle "EXT 2024"]
[Source "ChessBase"]
[SourceDate "2023.10.10"]
[SourceVersion "1"]
[SourceVersionDate "2023.10.10"]
[SourceQuality "1"]

1. d4 Nf6 2. c4 e6 3. Nf3 b6 4. Nc3 Bb7 5. Bg5 h6 6. Bh4 Bb4 7. Nd2 Nc6 8. d5 Ne7 9. Bxf6 gxf6 10. e4 f5 11. dxe6 fxe6 12. Qh5+ Kf8 13. Bd3 Kg7 14. exf5 exf5 15. 0-0-0 Qf8 16. Rhe1 Qf6 17. Rxe7+ Bxe7 18. Bxf5 Qg5 19. Qe2 Bf6 20. Qd3 d6 21. g4 Rhe8 22. Kb1 Qf4 23. Nde4 Bxc3 24. Ng3 Qe5 25. bxc3 Rad8 26. Qd2 Bf3 27. Nh5+ Kf7 28. Qxh6 Be4+ 29. Kb2 Bxf5 30. gxf5 Rh8 31. Qg6+ Ke7 32. Re1 Qxe1 33. Qg7+ Ke8 34. Nf6# 1-0

[Event "Los Angeles Metropolitan 29th"]
[Site "Los Angeles"]
[Date "2013.08.17"]
[Round "7"]
[White "Yankovsky, Roman"]
[Black "Kudryavtsev, Vadim"]
[Result "0-1"]
[WhiteElo "2443"]
[BlackElo "2145"]
[PlyCount "56"]
[EventDate "2013.08.14"]
[EventType "tourn"]
[EventRounds "9"]
[EventCountry "USA"]
[EventCategory "1"]
[SourceTitle "CBM 156 Extra"]
[Source "ChessBase"]
[SourceDate "2013.10.22"]
[SourceVersion "1"]
[SourceVersionDate "2013.10.22"]
[SourceQuality "1"]

1. e4 c6 2. d4 d5 3. e5 Bf5 4. g4 Be4 5. f3 Bg6 6. Ne2 e6 7. Nf4 Qh4+ 8. Ke2 c5 9. c3 Nc6 10. Be3 0-0-0 11. a3 c4 12. b4 cxb3 13. Qxb3 Qe7 14. Nd2 Kb8 15. Bg2 Qc7 16. h4 h6 17. Nxg6 fxg6 18. h5 g5 19. Rhc1 Nge7 20. Kf2 Nc8 21. c4 dxc4 22. Nxc4 Rxd4 23. Bxd4 Nxd4 24. Qb2 Bc5 25. Kg3 Qf7 26. Kh3 Qf4 27. Rab1 b6 28. Rc3 Nf5 0-1

[Event "Los Angeles Metropolitan 29th"]
[Site "Los Angeles"]
[Date "2013.08.16"]
[Round "4"]
[White "Kudryavtsev, Vadim"]
[Black "Remlinger, Larry"]
[Result "0-1"]
[WhiteElo "2145"]
[BlackElo "2302"]
[PlyCount "80"]
[EventDate "2013.08.14"]
[EventType "tourn"]
[EventRounds "9"]
[EventCountry "USA"]
[EventCategory "1"]
[SourceTitle "CBM 156 Extra"]
[Source "ChessBase"]
[SourceDate "2013.10.22"]
[SourceVersion "1"]
[SourceVersionDate "2013.10.22"]
[SourceQuality "1"]

1. Nf3 Nf6 2. c4 g6 3. g3 Bg7 4. Bg2 0-0 5. 0-0 d6 6. d4 Nbd7 7. Nc3 e5 8. e4 c6 9. Be3 Re8 10. d5 cxd5 11. cxd5 a6 12. Nd2 Rf8 13. Nc4 Qc7 14. Qe2 b5 15. Nd2 Qb8 16. b4 Nb6 17. f3 Nh5 18. Qf2 Nc4 19. Nxc4 bxc4 20. Rab1 Bd7 21. a4 f5 22. Qe2 f4 23. Bf2 fxg3 24. hxg3 Bh6 25. Rb2 Qc8 26. Rfb1 g5 27. b5 axb5 28. axb5 Ra3 29. Rc2 g4 30. b6 Rb3 31. Rf1 Kh8 32. Kh2 Rg8 33. fxg4 Bxg4 34. Bf3 Nf6 35. Rh1 Bxf3 36. Qxf3 Ng4+ 37. Kg1 Rf8 38. Qg2 Rxf2 39. Rxf2 Be3 40. Nd1 Rb1 0-1

[Event "Los Angeles Metropolitan 29th"]
[Site "Los Angeles"]
[Date "2013.08.15"]
[Round "3"]
[White "Amerkeshev, Madiyar"]
[Black "Kudryavtsev, Vadim"]
[Result "0-1"]
[WhiteElo "2228"]
[BlackElo "2145"]
[PlyCount "61"]
[EventDate "2013.08.14"]
[EventType "tourn"]
[EventRounds "9"]
[EventCountry "USA"]
[EventCategory "1"]
[SourceTitle "CBM 156 Extra"]
[Source "ChessBase"]
[SourceDate "2013.10.22"]
[SourceVersion "1"]
[SourceVersionDate "2013.10.22"]
[SourceQuality "1"]

1. d4 Nf6 2. c4 e6 3. Nc3 Bb4 4. e3 c5 5. Bd3 0-0 6. a3 Bxc3+ 7. bxc3 Nc6 8. Ne2 b6 9. e4 Ne8 10. e5 f5 11. exf6 Qxf6 12. 0-0 Kh8 13. Ng3 Qh4 14. Ne4 h6 15. f4 d5 16. g3 Qe7 17. Nf2 cxd4 18. cxd4 Nxd4 19. Bb2 Nf5 20. cxd5 Bb7 21. dxe6 Qxe6 22. Qh5 Rd8 23. Rfe1 Qb3 24. Bxf5 Qxb2 25. Qg6 Nf6 26. Rab1 Qxa3 27. Ne4 Bxe4 28. Rxe4 Rd2 29. Rbe1 Qb2 30. Bh3 Rxh2 31. Qf5 0-1

[Event "Los Angeles Metropolitan 19th"]
[Site "Los Angeles"]
[Date "2012.06.09"]
[Round "6"]
[White "Kudryavtsev, Vadim"]
[Black "Shen, Victor C"]
[Result "0-1"]
[WhiteElo "2142"]
[BlackElo "2333"]
[PlyCount "88"]
[EventDate "2012.06.06"]
[EventType "tourn"]
[EventRounds "9"]
[EventCountry "USA"]
[EventCategory "3"]
[SourceTitle "CBM 149 Extra"]
[Source "ChessBase"]
[SourceDate "2012.08.24"]
[SourceVersion "1"]
[SourceVersionDate "2012.08.24"]
[SourceQuality "1"]

1. c4 Nf6 2. g3 e6 3. Bg2 d5 4. Nf3 Be7 5. 0-0 0-0 6. d4 dxc4 7. Qc2 a6 8. a4 Bd7 9. Qxc4 Bc6 10. Bg5 a5 11. Nc3 Na6 12. Bxf6 Bxf6 13. e4 Bd7 14. Rfd1 Nb4 15. Rac1 c6 16. Ne1 Qb6 17. e5 Be7 18. Ne4 Rfd8 19. g4 Bc8 20. g5 Nd5 21. Nd3 Bf8 22. Nec5 Qa7 23. Nb3 b6 24. Qc2 Ba6 25. Be4 g6 26. Bxd5 exd5 27. e6 Bxd3 28. Qxd3 Rac8 29. Re1 Qe7 30. exf7+ Qxf7 31. Nd2 Bb4 32. Re3 Qf4 33. Nf3 Rf8 34. h3 Qd6 35. Rc2 c5 36. Rce2 c4 37. Qc2 Qf4 38. Kg2 Rc7 39. Qd1 Be7 40. Ne5 Qxg5+ 41. Rg3 Qf6 42. Ng4 Qd6 43. Rge3 Qf4 44. Rxe7 Qf3+ 0-1

[Event "Los Angeles Metropolitan 19th"]
[Site "Los Angeles"]
[Date "2012.06.08"]
[Round "5"]
[White "King, Alexander B"]
[Black "Kudryavtsev, Vadim"]
[Result "1-0"]
[WhiteElo "2211"]
[BlackElo "2142"]
[PlyCount "85"]
[EventDate "2012.06.06"]
[EventType "tourn"]
[EventRounds "9"]
[EventCountry "USA"]
[EventCategory "3"]
[SourceTitle "CBM 149 Extra"]
[Source "ChessBase"]
[SourceDate "2012.08.24"]
[SourceVersion "1"]
[SourceVersionDate "2012.08.24"]
[SourceQuality "1"]

1. d4 Nf6 2. c4 e6 3. g3 c5 4. d5 exd5 5. cxd5 b5 6. Bg2 d6 7. a4 b4 8. Nd2 Nbd7 9. Nc4 Ba6 10. Qc2 Bxc4 11. Qxc4 Be7 12. a5 0-0 13. Nf3 Re8 14. 0-0 Bf8 15. Nd2 g6 16. b3 Bh6 17. e3 Rb8 18. h3 Qe7 19. Bb2 Rec8 20. Rfe1 Ne8 21. f4 Nc7 22. e4 Nb5 23. Nf3 Nc3 24. e5 dxe5 25. fxe5 Re8 26. e6 fxe6 27. Rxe6 Qf7 28. Rae1 Nf8 29. Rxe8 Rxe8 30. Ne5 Qf6 31. d6+ Kg7 32. Qxc5 Bd2 33. Qxa7+ Kg8 34. Rf1 Qxe5 35. Qf7+ Kh8 36. Bd5 Qxg3+ 37. Bg2 Qe5 38. Kh1 Qe6 39. Qxe6 Nxe6 40. a6 Be3 41. Re1 Nf4 42. Rxe3 Rxe3 43. d7 1-0

[Event "ZH-2012-0-00716"]
[Site "LSS email"]
[Date "2012.02.17"]
[Round "?"]
[White "Gasanov, Engels G"]
[Black "Kudryavtsev, Vadim"]
[Result "1-0"]
[WhiteElo "2128"]
[BlackElo "2119"]
[PlyCount "35"]
[EventDate "2012.02.09"]
[EventType "match (corr)"]
[EventRounds "2"]
[EventCountry "GER"]
[SourceTitle "Telechess CBM 153"]
[Source "ChessBase"]
[SourceDate "2013.03.14"]
[SourceVersion "1"]
[SourceVersionDate "2013.03.14"]
[SourceQuality "1"]

1. e4 c6 2. d4 d5 3. e5 Bf5 4. Nf3 e6 5. Be2 Ne7 6. 0-0 c5 7. c4 Nbc6 8. Na3 dxc4 9. Nxc4 Nd5 10. Bg5 Qd7 11. Rc1 h6 12. Be3 b5 13. Na3 a6 14. dxc5 Be7 15. Nc2 Rd8 16. Ncd4 Nxe3 17. fxe3 Nxd4 18. Qxd4 1-0

[Event "ZH-2012-0-00716"]
[Site "LSS email"]
[Date "2012.02.17"]
[Round "?"]
[White "Kudryavtsev, Vadim"]
[Black "Gasanov, Engels G"]
[Result "0-1"]
[WhiteElo "2119"]
[BlackElo "2128"]
[PlyCount "34"]
[EventDate "2012.02.09"]
[EventType "match (corr)"]
[EventRounds "2"]
[EventCountry "GER"]
[SourceTitle "Corr 2015"]
[Source "ChessBase"]
[SourceDate "2015.07.17"]
[SourceVersion "1"]
[SourceVersionDate "2015.07.17"]
[SourceQuality "1"]

1. d4 Nf6 2. c4 g6 3. Nf3 Bg7 4. Nc3 d5 5. cxd5 Nxd5 6. e4 Nxc3 7. bxc3 0-0 8. Be2 c5 9. 0-0 cxd4 10. cxd4 Nc6 11. Be3 Bg4 12. d5 Ne5 13. Nxe5 Bxe2 14. Qxe2 Bxe5 15. Rad1 Qd7 16. Bh6 Bg7 17. Bxg7 Kxg7 0-1

[Event "Los Angeles Metropolitan 15th"]
[Site "Los Angeles"]
[Date "2012.01.29"]
[Round "8"]
[White "Clawitter, Craig"]
[Black "Kudryavtsev, Vadim"]
[Result "1/2-1/2"]
[WhiteElo "2082"]
[BlackElo "2151"]
[PlyCount "93"]
[EventDate "2012.01.25"]
[EventType "tourn"]
[EventRounds "9"]
[EventCountry "USA"]
[EventCategory "2"]
[SourceTitle "CBM 146 Extra"]
[Source "ChessBase"]
[SourceDate "2012.02.29"]
[SourceVersion "1"]
[SourceVersionDate "2012.02.29"]
[SourceQuality "1"]

1. e4 c6 2. d4 d5 3. e5 Bf5 4. Nf3 e6 5. Be2 Ne7 6. 0-0 Nd7 7. Nbd2 Bg6 8. Nb3 Nf5 9. Bf4 Be7 10. Qd2 Bh5 11. h3 Bxf3 12. Bxf3 h5 13. Rfd1 Nf8 14. c4 Ng6 15. Be3 Ngh4 16. Be2 Nxe3 17. Qxe3 Nf5 18. Qd2 g6 19. cxd5 cxd5 20. Rac1 Kf8 21. Rc2 Kg7 22. Bd3 Bg5 23. f4 Be7 24. Rdc1 Qb6 25. Bxf5 gxf5 26. Qa5 Bd8 27. Qc3 Rh6 28. Nd2 Rg6 29. Nf3 Kh7 30. Qa3 Rg7 31. Rc8 Rxc8 32. Rxc8 f6 33. b3 Be7 34. Qa4 fxe5 35. Qe8 Kh6 36. Qh8+ Rh7 37. Qxe5 Qd6 38. Qe3 Bf6 39. Ne5 Qe7 40. Rg8 Rg7 41. Rh8+ Rh7 42. Rc8 h4 43. Rc2 Rg7 44. Re2 Qc7 45. Nf3 Rg6 46. Ne5 Rg7 47. Nf3 1/2-1/2

[Event "Los Angeles Metropolitan 15th"]
[Site "Los Angeles"]
[Date "2012.01.27"]
[Round "5"]
[White "Kudryavtsev, Vadim"]
[Black "Sevillano, Enrico"]
[Result "0-1"]
[WhiteElo "2151"]
[BlackElo "2490"]
[PlyCount "96"]
[EventDate "2012.01.25"]
[EventType "tourn"]
[EventRounds "9"]
[EventCountry "USA"]
[EventCategory "2"]
[SourceTitle "CBM 146 Extra"]
[Source "ChessBase"]
[SourceDate "2012.02.29"]
[SourceVersion "1"]
[SourceVersionDate "2012.02.29"]
[SourceQuality "1"]

1. d4 Nf6 2. c4 c6 3. Nc3 d5 4. Nf3 a6 5. c5 Bf5 6. Qb3 Qc8 7. Nh4 Bg6 8. Nxg6 hxg6 9. Bf4 Nbd7 10. e4 dxe4 11. Bc4 e6 12. 0-0-0 Nd5 13. Bg3 N7f6 14. Rhe1 Be7 15. Nxe4 Nxe4 16. Rxe4 Qd7 17. Bxd5 cxd5 18. Re2 Rc8 19. Kb1 Rc6 20. Rc2 0-0 21. Qa4 Rfc8 22. b4 Bd8 23. Rb2 b6 24. Qb3 Bf6 25. Rc2 Qe8 26. Rb2 Qd8 27. f3 Ra8 28. a3 Rcc8 29. Rc2 bxc5 30. dxc5 Qd7 31. Ka2 Ra7 32. Qd3 Qc6 33. Rb1 Rb7 34. Rb3 Re8 35. Bd6 Rd7 36. Bg3 e5 37. b5 axb5 38. Qxb5 Qe6 39. c6 Rc7 40. Rbc3 d4+ 41. Rc4 d3 42. Rd2 Rec8 43. Qb3 Rxc6 44. Rxc6 Qxc6 45. Qxd3 Qc1 46. Bf2 e4 47. fxe4 Qa1+ 48. Kb3 Rc3+ 0-1

[Event "Southern California op 33rd"]
[Site "San Diego"]
[Date "2011.09.05"]
[Round "6"]
[White "Bruno, Ronald"]
[Black "Kudryavtsev, Vadim"]
[Result "1-0"]
[WhiteElo "2284"]
[BlackElo "2179"]
[PlyCount "55"]
[EventDate "2011.09.03"]
[EventType "swiss"]
[EventRounds "6"]
[EventCountry "USA"]
[SourceTitle "EXT 2013"]
[Source "ChessBase"]
[SourceDate "2012.11.22"]
[SourceVersion "1"]
[SourceVersionDate "2012.11.22"]
[SourceQuality "1"]

1. e4 c6 2. d4 d5 3. f3 e6 4. Nc3 Nf6 5. e5 Nfd7 6. f4 c5 7. Nf3 Nc6 8. Be3 a6 9. Qd2 b5 10. dxc5 Nxc5 11. a3 Be7 12. Qf2 Nd7 13. Bd3 Rb8 14. b4 Qc7 15. Ne2 0-0 16. 0-0 Bb7 17. Rac1 Rfc8 18. c3 Qd8 19. Ned4 Nxd4 20. Bxd4 Nf8 21. h4 Ng6 22. Ng5 Rc6 23. g3 Bc8 24. Nxh7 Kxh7 25. h5 Qe8 26. hxg6+ fxg6 27. Qf3 Kg8 28. Qg4 1-0

[Event "Los Angeles Metropolitan qual 07th"]
[Site "Los Angeles"]
[Date "2011.07.23"]
[Round "2"]
[White "Kudryavtsev, Vadim"]
[Black "Beilin, Allan"]
[Result "1/2-1/2"]
[WhiteElo "2105"]
[BlackElo "1851"]
[PlyCount "92"]
[EventDate "2011.07.22"]
[EventType "swiss"]
[EventRounds "5"]
[EventCountry "USA"]
[SourceTitle "EXT 2013"]
[Source "ChessBase"]
[SourceDate "2012.11.22"]
[SourceVersion "1"]
[SourceVersionDate "2012.11.22"]
[SourceQuality "1"]

1. Nf3 d5 2. c4 c6 3. d4 Nf6 4. Nc3 e6 5. e3 Nbd7 6. Bd3 dxc4 7. Bxc4 b5 8. Bd3 a6 9. e4 c5 10. d5 c4 11. dxe6 fxe6 12. Bc2 Qc7 13. 0-0 Bb7 14. Ng5 Nc5 15. Qf3 Bd6 16. Qh3 e5 17. Rd1 Bc8 18. Qh4 h6 19. Nd5 Qd8 20. f4 0-0 21. fxe5 Bxe5 22. Nf3 Qe8 23. Be3 Ncd7 24. Nxe5 Qxe5 25. Bd4 Qg5 26. Qxg5 hxg5 27. Nc7 Rb8 28. Ne6 Re8 29. Nxg5 Bb7 30. Re1 Ne5 31. Rad1 Rbd8 32. Bxe5 Rxd1 33. Rxd1 Rxe5 34. Rd8+ Re8 35. Rxe8+ Nxe8 36. Kf2 Nf6 37. h3 Kf8 38. Ke3 Ke7 39. g4 Kd6 40. Kd4 Nd7 41. a4 Ne5 42. axb5 axb5 43. Kc3 Ke7 44. Kd4 Kd6 45. Kc3 Ke7 46. Kd4 Kd6 1/2-1/2

[Event "Southern California CF Candid."]
[Site "Los Angeles"]
[Date "2011.06.26"]
[Round "4"]
[White "Tanaka, Christian T"]
[Black "Kudryavtsev, Vadim"]
[Result "1-0"]
[WhiteElo "2098"]
[BlackElo "2104"]
[PlyCount "65"]
[EventDate "2011.06.25"]
[EventType "swiss"]
[EventRounds "4"]
[EventCountry "USA"]
[SourceTitle "CBM 143 Extra"]
[Source "ChessBase"]
[SourceDate "2011.08.29"]
[SourceVersion "1"]
[SourceVersionDate "2011.08.29"]
[SourceQuality "1"]

1. d4 Nf6 2. c4 e6 3. g3 d5 4. Bg2 dxc4 5. Nf3 Be7 6. 0-0 0-0 7. Ne5 Nc6 8. Bxc6 bxc6 9. Nxc6 Qe8 10. Nxe7+ Qxe7 11. Qa4 c5 12. Qxc4 cxd4 13. Qxd4 Rb8 14. b3 e5 15. Qh4 Qe6 16. Bg5 Nd5 17. e4 Nb4 18. Be7 Re8 19. Bxb4 Rxb4 20. Nc3 f5 21. exf5 Qd6 22. Rad1 Qf8 23. Qg5 Bxf5 24. Rfe1 h6 25. Qe3 Qf7 26. Qc5 Qb7 27. Rxe5 Rc8 28. Qe3 Bh3 29. f3 Qc6 30. Nd5 Qc2 31. Qe2 Qc5+ 32. Kh1 Rb7 33. Nf4 1-0